| 000 | 005650000a22001810004500 | ||
|---|---|---|---|
| 003 | MACL | ||
| 005 | 20160511151755.0 | ||
| 008 | 160511b xxu||||| |||| 00| 0 eng d | ||
| 040 |
_aMACL _cMACL |
||
| 041 | _aHindi | ||
| 082 | _a891.431 KAL | ||
| 100 |
_aकालिया, ममता _954978 |
||
| 245 |
_aखॉटी घरेलू औरत _cममता कालिया |
||
| 260 |
_aनई दिल्ली _bनवोदय सेल्स _c2009 |
||
| 350 | _a250 | ||
| 650 |
_aकविता _9226 |
||
| 942 |
_cHIN _k891.431/KAL/P _2ddc |
||
| 999 |
_c48862 _d48862 |
||